000 00739 a2200193 4500
003 NUST
005 20230606170345.0
022 _a817656706X
040 _cNust
082 _a005.73,KAN
100 _aKanetkar, Yashavant P.
_9113024
245 _aData structures through C (Include CD) /
_cYashavant P. Kanetkar
260 _aNew Delhi
_bBPB Pub.
_c2003
300 _aviii, 616 p.;
505 _aAnalysis of Algorithms (Page-1), Arrays (Page-19), Strings (PAge-65), Linked Lists (Page-103), Sparse Matrices (Page-225), Stacks (Page-281), Queues (Page-331), Trees (Page-373), Searching and Sorting (Page-525), Graphs (Page-583).
650 _aData structures
_9100142
651 _a(Include CD)
_98953
942 _2ddc
_cBK
_k005.73,KAN
999 _c179924
_d179924